01025nam a22002175i 4500001000700000003000900007005001700016008004100033040003000074100002600104245018100130260007500311300002200386500009100408650003200499700005800531752002400589852004900613999001900662952012600681167435ES-MaACL20250809034614.0030307s1892 sp |||| | spa d aCCPB | B bspa cCCPB | B1 aVidal, Jorge.913369210aPrincipios fundamentales de la penalidad en los sistemas mas modernos / cpor Jorge Vidal ; traducida de la última edición francesa por José García Giménez del Cerro. aMadrid : blibrería editorial de Bailly-Baillière e hijos, c1892. a651 p. ; c22 cm. aObra premiada por el Instituto de Francia (Academia de Ciencias Morales y Políticas) 7aDerecho penal2embne91174921aGarcía Giménez del Cerro, José, etrad.9127207 aEspaña - dMadrid aES-MaACLjG-15013 z-- Enc. pasta española c167435d167435 001040708LIBXIXaATENEOMbATENEOMcSPP3d2008-01-17eSSCl0oG-15013p1175647r2023-02-23 00:00:00w2023-02-23yMONANT